Statistics for Presidents by Fun Fact

Click here to take the quiz!

General Stats

  • This quiz has been taken 22 times
  • The average score is 8 of 15

Answer Stats

HintAnswer% Correct
Has a cameo in Home Alone 2.Donald Trump
85%
Killed a man in a duel.Andrew Jackson
75%
A deep love of jelly beans.Ronald Reagan
75%
Played football for University of Michigan.Gerald Ford
70%
Milhous is his mother's maiden name.Richard Nixon
70%
Only president to never be married.James Buchanan
65%
Only president to speak English as a second language.Martin Van Buren
60%
Camp David is named after his grandson.Dwight Eisenhower
55%
Only president to have twins.George W. Bush
55%
Skinny dipped in the Potomac River every morning.John Quincy Adams
45%
Could read 1,200 words per minute.John F. Kennedy
40%
Had a dog named Fala.Franklin Roosevelt
30%
Last president to not hold a college degree.Harry Truman
25%
His face is on the $5,000 bill.James Madison
20%
Only ordained minister to become president.James Garfield
5%

Score Distribution

Percentile by Number Answered

Percent of People with Each Score

Your Score History

You have not taken this quiz